क्रान्तिकारियों के गीत (Record no. 1038)
[ view plain ]
| 000 -LEADER | |
|---|---|
| fixed length control field | 00954 a2200217 4500 |
| 005 - DATE AND TIME OF LATEST TRANSACTION | |
| control field | 20180518124852.0 |
| 010 ## - LCCN (DPL NO) | |
| LC control number | HIN-78942 |
| 020 ## - INTERNATIONAL STANDARD BOOK NUMBER | |
| International Standard Book Number | 8188118885 |
| Terms of availability | 80.00 |
| 035 ## - SYSTEM CONTROL NUMBER | |
| System control number | HN-51288 |
| 037 ## - SOURCE OF ACQUISITION | |
| Source of stock number/acquisition | D. B. Act. / pub |
| 082 ## - DEWEY DECIMAL CLASSIFICATION NUMBER | |
| Classification number | 821 |
| 245 ## - TITLE STATEMENT | |
| Title | क्रान्तिकारियों के गीत |
| Statement of responsibility, etc | संपादक चन्द्रिका प्रसाद शर्मा |
| 246 ## - VARYING FORM OF TITLE | |
| Title proper/short title | Krantikarion ke geet |
| 260 ## - PUBLICATION, DISTRIBUTION, ETC. (IMPRINT) | |
| Place of publication, distribution, etc | दिल्ली |
| Name of publisher, distributor, etc | आर्य प्रकाशन मंडल |
| Date of publication, distribution, etc | 2006 |
| 270 ## - ADDRESS | |
| Address | 1X/221, सरस्नती भंडार .गांधी नगर |
| Postal code | 110031 |
| City | दिल्ली |
| 300 ## - PHYSICAL DESCRIPTION | |
| Extent | 123पृ |
| Dimensions | 22 सेमी (सजिल्द) |
| 650 ## - SUBJECT ADDED ENTRY--TOPICAL TERM | |
| Topical term or geographic name as entry element | कविताएँ |
| 650 ## - SUBJECT ADDED ENTRY--TOPICAL TERM | |
| Topical term or geographic name as entry element | Poems |
| 700 ## - ADDED ENTRY--PERSONAL NAME | |
| Personal name | शर्मा, चन्द्रिका प्रसाद |
| 942 ## - ADDED ENTRY ELEMENTS (KOHA) | |
| Institution code [OBSOLETE] | dpl |
| Item type | Hindi Books |
| Call number prefix | 821 /क्रान्तिका |
| Source of classification or shelving scheme | Dewey Decimal Classification |
| Classification part | 821 |
| Call number suffix | क्रान्तिका |
| Withdrawn status | Lost status | Not for loan | Collection code | Home library | Current library | Date acquired | Cost, normal purchase price | Full call number | Barcode | Copy number | Cost, replacement price | Koha item type |
|---|---|---|---|---|---|---|---|---|---|---|---|---|
| Not For Loan | Non-fiction | D.B.Act.Division | D.B.Act.Division | 03/09/2008 | 80.00 | 821 क्रान्तिका | HN-51288 | 1 | 80.00 | Hindi Books |
